000 00577cam a2200181u 4500
001 unk83009526
003 DLC
005 20260227112800.0
008 830506s1956 is 000 0 eng
010 _aunk83009526
040 _aDLC
_cCarP
_dDLC
050 0 0 _aS471.L44
_bR43
110 0 _aMilhemet ha-mizra veha-yeashimon.
_bEnglish.
240 0 0 _aReifenberg, Adolf, 1899-1953. [from old catalog]
245 0 4 _aThe struggle between the desert and the sown;
_crise and fall of agriculture in the Levant.
260 _aJerusalem,
_c1955 [i.e. 1956].
300 _a109 p.
_c28 cm.
999 _c91428
_d91428